[Event "AGAG IIIIIIII"]
[Site "SchemingMind.com"]
[Date "2021.07.03"]
[Round "-"]
[White "Arnold Jones"]
[Black "Gilligan"]
[Result "1/2-1/2"]
[WhiteCountry "ENG"]
[BlackCountry "USA"]
[WhiteElo "1583"]
[WhiteRD "73"]
[BlackElo "1714"]
[BlackRD "56"]
[GameID "713067"]

1. b3 Nf6 2. Bb2 d5 3. Nf3 Bf5 4. Bxf6 gxf6 5. e3 e5 6. d4 e4 7. Nfd2 Bg6 8. c4 Nc6 9. a3 Qd7 10. c5 Be7
11. h4 h5 12. Bb5 a6 13. Bxc6 Qxc6 14. Nc3 f5 15. b4 f4 16. exf4 Bf5 17. Qb3 Rd8 18. Ne2 Rg8 19. Ng3 Qg6 20. Nxf5 Qxf5
21. g3 c6 22. O-O-O Qg6 23. Nf1 f5 24. Ne3 Rb8 25. Kd2 Bd8 26. Rhe1 b6 27. Qc2 bxc5 28. bxc5 Ba5+ 29. Ke2 Bxe1 30. Kxe1 Kd7
31. Qe2 Ke6 32. Qxa6 Rgc8 33. Kf1 Qf7 34. a4 Ra8 35. Qe2 Rxa4 36. Rd2 Kf6 37. Rb2 Kg6 38. Rb6 Qd7 39. Qb2 Ra7 40. Nc2 Kh7
41. Nb4 Rac7 42. Na6=
1/2-1/2

[Event "AGAG IIIIIIII"]
[Site "SchemingMind.com"]
[Date "2021.07.03"]
[Round "-"]
[White "Gilligan"]
[Black "Rooksac"]
[Result "0-1"]
[WhiteCountry "USA"]
[BlackCountry "USA"]
[WhiteElo "1704"]
[WhiteRD "56"]
[BlackElo "2080"]
[BlackRD "105"]
[GameID "713068"]

1. b3 e5 2. Bb2 Nc6 3. d3 d5 4. h3 Nf6 5. e3 d4 6. e4 Bd6 7. Nf3 O-O 8. c3 dxc3 9. Nxc3 a6 10. Be2 Qe7
11. O-O Rd8 12. Nd5 Nxd5 13. exd5 Nb4 14. Re1 Nxd5 15. d4 Bb4 16. Rf1 exd4 17. a3 Bc3 18. Rb1 Bf5 19. Bd3 Ne3 20. fxe3 Qxe3+
21. Kh1 Bxd3 22. Rg1 Bxb1 23. Qxb1 Bxb2 24. Qxb2 d3 25. Rd1 Rd5 26. Ne1 d2 27. Nf3 Rad8 28. Kh2 Qf4+ 29. Kh1 Rd3
0-1

[Event "AGAG IIIIIIII"]
[Site "SchemingMind.com"]
[Date "2021.07.07"]
[Round "-"]
[White "Rooksac"]
[Black "Gilligan"]
[Result "1-0"]
[WhiteCountry "USA"]
[BlackCountry "USA"]
[WhiteElo "2080"]
[WhiteRD "105"]
[BlackElo "1704"]
[BlackRD "56"]
[GameID "713069"]

1. b3 e5 2. Bb2 Nc6 3. e3 d5 4. Bb5 f6 5. d4 e4 6. c4 Be6 7. Nc3 Bb4 8. Ne2 Ne7 9. O-O O-O 10. Nf4 Bf7
11. Ncxd5 Nxd5 12. Nxd5 Bxd5 13. cxd5 Ne7 14. a3 Bd6 15. f3 exf3 16. Rxf3 Nxd5 17. e4 Nf4 18. Bc4+ Kh8 19. Qf1 Qd7 20. Rxf4 Bxf4
21. Qxf4 b5 22. Be2 c6 23. Bf3 Rae8 24. b4 g5 25. Qg3 h6 26. Bg4 Qe7 27. Bf5 a6 28. Rc1 Rd8 29. Rxc6
1-0

[Event "AGAG IIIIIIII"]
[Site "SchemingMind.com"]
[Date "2021.07.03"]
[Round "-"]
[White "Gilligan"]
[Black "LockettJ"]
[Result "0-1"]
[WhiteCountry "USA"]
[BlackCountry "ENG"]
[WhiteElo "1684"]
[WhiteRD "58"]
[BlackElo "1997"]
[BlackRD "79"]
[GameID "713070"]

1. b3 e5 2. Bb2 Nc6 3. d3 d5 4. Nf3 Bd6 5. Nbd2 Nf6 6. e4 d4 7. Be2 Bd7 8. O-O O-O 9. Rc1 b5 10. h3 Qe7
11. c3 dxc3 12. Bxc3 Nb4 13. Bxb4 Bxb4 14. Rxc7 Rfc8 15. Rxc8+ Rxc8 16. Kh1 h6 17. d4 exd4 18. e5 Nd5 19. Nxd4 Nc3 20. Qe1 Ne4
21. Qd1 Nxd2 22. Rg1 Qxe5 23. Nf3 Nxf3 24. Bxf3 Bd6 25. g3 Bxh3 26. Re1 Qf6 27. Kh2 Bd7 28. Kg2 Rc3 29. Qe2 Rxf3 30. Qxf3 Bh3+
0-1

[Event "AGAG IIIIIIII"]
[Site "SchemingMind.com"]
[Date "2021.07.04"]
[Round "-"]
[White "LockettJ"]
[Black "Gilligan"]
[Result "1-0"]
[WhiteCountry "ENG"]
[BlackCountry "USA"]
[WhiteElo "1997"]
[WhiteRD "79"]
[BlackElo "1684"]
[BlackRD "58"]
[GameID "713071"]

1. b3 e5 2. Bb2 Nc6 3. e3 a6 4. c4 Nf6 5. a3 Be7 6. Qc2 d6 7. Nf3 h6 8. Nc3 Be6 9. Rd1 O-O 10. Be2 Nb8
11. d4 Nbd7 12. dxe5 dxe5 13. Nxe5 Bd6 14. Nxd7 Bxd7 15. O-O Bg4 16. c5 Bxh2+ 17. Kxh2 Qc8 18. f3 Bd7 19. Nd5 Nxd5 20. Rxd5 c6
21. Qc3 f6 22. Rd6 Be6 23. Rxe6 Kh8 24. Re7 Rb8 25. Qd4 Qf5 26. Bd3 Qh5+ 27. Kg1 Rbd8 28. Qe4 Rxd3 29. Qxd3 Qxc5 30. Rxb7 Re8
31. Qg6 Rg8 32. Bxf6 Qxe3+ 33. Kh1
1-0

[Event "AGAG IIIIIIII"]
[Site "SchemingMind.com"]
[Date "2021.07.03"]
[Round "-"]
[White "Martin E. Hardwick"]
[Black "flyinduck"]
[Result "0-1"]
[WhiteCountry "ENG"]
[BlackCountry "CAN"]
[WhiteElo "1161"]
[WhiteRD "82"]
[BlackElo "2010"]
[BlackRD "74"]
[GameID "713074"]

1. b3 e5 2. e4 Nf6 3. Nc3 Bc5 4. Qe2 Nc6 5. Nf3 O-O 6. Bb2 Nd4 7. Qd1 d6 8. d3 Ng4 9. Na4 Nxf3+ 10. Qxf3 Bxf2+
11. Kd1 b5 12. Nc3 Bd4 13. Be2 Nf2+ 14. Kd2 Nxh1 15. Rxh1 a5 16. Ke1 Bd7 17. Nd1 Bb6 18. Nf2 a4 19. Bd1 axb3 20. cxb3 Rxa2
21. Bc1 Bxf2+ 22. Qxf2 Rxf2 23. Kxf2 f5
0-1

[Event "AGAG IIIIIIII"]
[Site "SchemingMind.com"]
[Date "2021.07.02"]
[Round "-"]
[White "flyinduck"]
[Black "Martin E. Hardwick"]
[Result "1-0"]
[WhiteCountry "CAN"]
[BlackCountry "ENG"]
[WhiteElo "2043"]
[WhiteRD "71"]
[BlackElo "1229"]
[BlackRD "72"]
[GameID "713075"]

1. b3 e6 2. Bb2 Nc6 3. c4 Nf6 4. Nf3 Be7 5. e3 a6 6. d4 Bb4+ 7. Nbd2 Qe7 8. Bd3 d6 9. O-O Bd7 10. Ne4 d5
11. Nxf6+ Qxf6 12. Qe2 O-O-O 13. c5 Ba5 14. a3 b6 15. b4 Nxb4 16. axb4 Bxb4 17. Bxa6+ Kb8 18. Rfb1 Bc8 19. Bxc8 Rxc8 20. Ra8+ Kxa8
21. Qa6+ Kb8 22. c6 e5 23. Qb7#
1-0

[Event "AGAG IIIIIIII"]
[Site "SchemingMind.com"]
[Date "2021.07.02"]
[Round "-"]
[White "Martin E. Hardwick"]
[Black "JAHI"]
[Result "0-1"]
[WhiteCountry "ENG"]
[BlackCountry "INT"]
[WhiteElo "1229"]
[WhiteRD "79"]
[BlackElo "1996"]
[BlackRD "73"]
[GameID "713076"]

1. b3 e6 2. Nf3 d6 3. d4 d5 4. a3 b6 5. Nc3 Bb7 6. Bg5 f6 7. Bd2 f5 8. e3 Nf6 9. Bb5+ c6 10. Be2 Bd6
11. Ne5 Nbd7 12. Nxd7 Qxd7 13. O-O Kf8 14. Bh5 Nxh5 15. Qxh5 Qf7 16. Qxf7+ Kxf7 17. Rfe1 Rag8 18. e4 dxe4 19. Be3 h6 20. g3 h5
21. b4 h4 22. Bf4 Bxf4 23. gxf4 h3 24. Kh1 Rh4 25. Ne2 g6 26. Rg1 e3 27. fxe3 c5+ 28. Rg2 Rgh8 29. bxc5 hxg2+ 30. Kg1 Rxh2
31. Ng3 Rh1+ 32. Nxh1 gxh1=Q+ 33. Kf2 Qg2+ 34. Ke1 Rh1#
0-1

[Event "AGAG IIIIIIII"]
[Site "SchemingMind.com"]
[Date "2021.07.02"]
[Round "-"]
[White "JAHI"]
[Black "Martin E. Hardwick"]
[Result "1-0"]
[WhiteCountry "INT"]
[BlackCountry "ENG"]
[WhiteElo "1995"]
[WhiteRD "72"]
[BlackElo "1161"]
[BlackRD "82"]
[GameID "713077"]

1. b3 d6 2. Bb2 Nf6 3. a3 e5 4. e3 a6 5. d3 Nc6 6. Nd2 Bg4 7. f3 Bd7 8. f4 Bg4 9. Be2 Bxe2 10. Qxe2 Be7
11. Ngf3 O-O 12. fxe5 dxe5 13. Nxe5 Nxe5 14. Bxe5 Bd6 15. Bb2 Re8 16. e4 Be5 17. Bxe5 Rxe5 18. Kf1 Qd4 19. Re1 Rae8 20. Nf3 Qb2
21. Nxe5 Qxe5 22. g3 c6 23. Kg2 Qb2 24. a4 b5 25. axb5 cxb5 26. Rhf1 a5 27. Rf5 a4 28. Rxb5 Ra8 29. bxa4 Qa2 30. Reb1 Qxa4
31. Rb8+ Rxb8 32. Rxb8+ Ne8 33. c3
1-0

[Event "AGAG IIIIIIII"]
[Site "SchemingMind.com"]
[Date "2021.07.03"]
[Round "-"]
[White "Martin E. Hardwick"]
[Black "Daniel Dubé"]
[Result "0-1"]
[WhiteCountry "ENG"]
[BlackCountry "CAN"]
[WhiteElo "1161"]
[WhiteRD "82"]
[BlackElo "1572"]
[BlackRD "58"]
[GameID "713078"]

1. b3 d6 2. d4 Nf6 3. h3 Nbd7 4. Nf3 e5 5. Bg5 Be7 6. dxe5 dxe5 7. Bxf6 Bxf6 8. e4 O-O 9. Be2 Qe7 10. O-O b6
11. Nc3 c6 12. Qd2 Bb7 13. Rfd1 Rfd8 14. Qe1 Nf8 15. Rxd8 Rxd8 16. Rd1 Rxd1 17. Qxd1 Ne6 18. g3 h6 19. Qd2 Ng5 20. Nxg5 Bxg5
21. Qd1 Qd8
0-1

[Event "AGAG IIIIIIII"]
[Site "SchemingMind.com"]
[Date "2021.07.03"]
[Round "-"]
[White "Daniel Dubé"]
[Black "Martin E. Hardwick"]
[Result "1-0"]
[WhiteCountry "CAN"]
[BlackCountry "ENG"]
[WhiteElo "1572"]
[WhiteRD "58"]
[BlackElo "1161"]
[BlackRD "82"]
[GameID "713079"]

1. b3 e6 2. Bb2 Nf6 3. c4 Be7 4. e3 a6 5. d4 Bb4+ 6. Nd2 Qe7 7. Nf3 d5 8. Be2 O-O 9. O-O c6 10. a3 Bxd2
11. Nxd2 e5 12. dxe5 Ne8 13. f4 Nc7 14. f5 f6 15. e6 Nxe6 16. fxe6 Qxe6 17. e4 dxe4 18. c5 f5 19. Bc4 b5 20. Bxe6+ Bxe6
21. b4 Nd7 22. Nb1
1-0

[Event "AGAG IIIIIIII"]
[Site "SchemingMind.com"]
[Date "2021.07.02"]
[Round "-"]
[White "Martin E. Hardwick"]
[Black "Arnold Jones"]
[Result "0-1"]
[WhiteCountry "ENG"]
[BlackCountry "ENG"]
[WhiteElo "1229"]
[WhiteRD "72"]
[BlackElo "1583"]
[BlackRD "73"]
[GameID "713080"]

1. b3 d5 2. Nf3 f6 3. d4 Nc6 4. h3 Bf5 5. Nc3 e6 6. a3 Bd6 7. g4 Bg6 8. Bg2 h6 9. Nh4 Bf7 10. Qd3 Nge7
11. e4 g6 12. e5 fxe5 13. dxe5 Nxe5 14. Qb5+ N7c6 15. O-O Qxh4 16. Be3 O-O 17. Rfd1 a6 18. Qe2 Ne7 19. Bf4 N7c6 20. Bg3 Qe7
21. Qd2 Bxa3 22. Rdb1 Kh7 23. f4 Nd7 24. Bf2 Bd6 25. Be3 Bc5 26. Bxc5 Qxc5+ 27. Kh1 Qe7 28. Re1 Nc5 29. g5 h5 30. h4 Qd7
31. Na4 Nxa4 32. bxa4 a5 33. Bh3 Ne7 34. Qe2 Nf5 35. Bxf5 exf5 36. Qe7 Qc6 37. Qe2 d4+ 38. Kg1 Rfe8 39. Qd2 Rxe1+ 40. Qxe1 Re8
41. Qd2 Qc5 42. Kf1 Bc4+ 43. Kg1 d3+ 44. Kh1 Re2 45. Qc1 Bd5#
0-1

[Event "AGAG IIIIIIII"]
[Site "SchemingMind.com"]
[Date "2021.07.02"]
[Round "-"]
[White "Arnold Jones"]
[Black "Martin E. Hardwick"]
[Result "1-0"]
[WhiteCountry "ENG"]
[BlackCountry "ENG"]
[WhiteElo "1583"]
[WhiteRD "73"]
[BlackElo "1229"]
[BlackRD "72"]
[GameID "713081"]

1. b3 e6 2. Bb2 Nf6 3. g3 d5 4. Bg2 Bd7 5. Nf3 a6 6. O-O Be7 7. Nc3 O-O 8. d4 Nc6 9. e3 Ne4 10. Nxe4 dxe4
11. Nd2 f5 12. Nc4 Nb4 13. a3 Nd5 14. Ne5 Bb5 15. c4 Bc6 16. Nxc6 bxc6 17. cxd5 cxd5 18. Qe2 c5 19. Qh5 Qe8 20. Qxe8 Rfxe8
21. dxc5 Bxc5 22. b4 Bd6 23. Rfc1 Rec8 24. Bc3 e5 25. a4 Be7 26. Bf1 Bf6 27. Ra2 d4 28. exd4 exd4 29. Bd2 d3 30. Rxc8+ Rxc8
31. Ra3 Rc2 32. Be3 Bc3 33. b5 Bb4 34. Rb3 a5 35. b6 d2 36. Be2 Rc1+ 37. Kg2 d1=Q 38. Bxd1 Rxd1 39. b7 Rd8 40. Ba7 Bd6
41. Rb5 Bc7 42. Rxf5 g6 43. Rb5 Kf7 44. b8=Q Bxb8 45. Bb6 e3 46. fxe3 Rd2+ 47. Kh3 Rd6 48. Bd4 Ra6 49. Rxb8 Re6 50. Ra8 g5
51. Rxa5 h6 52. Ra7+ Ke8 53. a5 h5 54. Ra8+ Ke7 55. a6 g4+ 56. Kg2 Kd6 57. Rh8 Re7 58. Rxh5 Re6 59. Rh8 Re7 60. a7
1-0

[Event "AGAG IIIIIIII"]
[Site "SchemingMind.com"]
[Date "2021.07.03"]
[Round "-"]
[White "Martin E. Hardwick"]
[Black "Rooksac"]
[Result "0-1"]
[WhiteCountry "ENG"]
[BlackCountry "USA"]
[WhiteElo "1177"]
[WhiteRD "79"]
[BlackElo "2002"]
[BlackRD "118"]
[GameID "713082"]

1. b3 e5 2. e4 Nf6 3. Nc3 Bc5 4. d3 d5 5. exd5 Nxd5 6. Nxd5 Qxd5 7. Qf3 Bb4+ 8. Bd2 Qd4 9. c3 Bxc3 10. Rd1 Bg4
0-1

[Event "AGAG IIIIIIII"]
[Site "SchemingMind.com"]
[Date "2021.07.02"]
[Round "-"]
[White "Martin E. Hardwick"]
[Black "LockettJ"]
[Result "0-1"]
[WhiteCountry "ENG"]
[BlackCountry "ENG"]
[WhiteElo "1177"]
[WhiteRD "79"]
[BlackElo "1927"]
[BlackRD "99"]
[GameID "713084"]

1. b3 e5 2. Bb2 Nc6 3. e4 Nf6 4. Nc3 Bc5 5. Be2 O-O 6. Nf3 d6 7. d3 Bg4 8. O-O Qd7 9. a3 Nd4 10. Nxd4 Bxd4
0-1

[Event "AGAG IIIIIIII"]
[Site "SchemingMind.com"]
[Date "2021.07.02"]
[Round "-"]
[White "LockettJ"]
[Black "Martin E. Hardwick"]
[Result "1-0"]
[WhiteCountry "ENG"]
[BlackCountry "ENG"]
[WhiteElo "1927"]
[WhiteRD "99"]
[BlackElo "1177"]
[BlackRD "79"]
[GameID "713085"]

1. b3 Nf6 2. Nf3 e6 3. Bb2 Be7 4. c4 O-O 5. g3 a6 6. Bg2 Nc6 7. O-O Re8 8. d4 d5 9. Nc3 Rb8 10. e3 Ne4
11. Nxe4
1-0

[Event "AGAG IIIIIIII"]
[Site "SchemingMind.com"]
[Date "2021.07.07"]
[Round "-"]
[White "maro"]
[Black "flyinduck"]
[Result "0-1"]
[WhiteCountry "MEX"]
[BlackCountry "CAN"]
[WhiteElo "1360"]
[WhiteRD "63"]
[BlackElo "2035"]
[BlackRD "72"]
[GameID "713086"]

1. b3 e5 2. Nc3 d6 3. e4 Be7 4. Bc4 Nf6 5. Nf3 O-O 6. O-O Nxe4 7. Nxe4 d5 8. Bxd5 Qxd5 9. d3 f5 10. Neg5 h6
11. c4 Qd8 12. Nh3 Nc6 13. Bb2 Bf6 14. Re1 Re8 15. Nd2 Be6 16. f4 Qxd3 17. fxe5 Nxe5 18. Nf4 Qd6 19. Nh5 Rad8 20. Nxf6+ gxf6
21. Bc3 Ng4 22. g3 Qc5+ 23. Kh1 Nf2+ 24. Kg2 Nxd1 25. Raxd1 Bd5+ 26. Kh3 Rxe1 27. Rxe1 Qf2
0-1

[Event "AGAG IIIIIIII"]
[Site "SchemingMind.com"]
[Date "2021.07.07"]
[Round "-"]
[White "flyinduck"]
[Black "maro"]
[Result "1-0"]
[WhiteCountry "CAN"]
[BlackCountry "MEX"]
[WhiteElo "2035"]
[WhiteRD "72"]
[BlackElo "1360"]
[BlackRD "63"]
[GameID "713087"]

1. b3 e5 2. Bb2 Nc6 3. e3 Nf6 4. Bb5 d6 5. d4 Bd7 6. dxe5 dxe5 7. Nf3 Bc5 8. Bxc6 bxc6 9. Nxe5 O-O 10. Nxd7 Nxd7
11. Nd2 Bb4 12. O-O Nf6 13. Nc4 Qe7 14. Qf3 Rad8 15. Bxf6 gxf6 16. Rad1 Rxd1 17. Rxd1 c5 18. h4 Bc3 19. Qd5 f5 20. g3 Kh8
21. Qxf5 Rg8 22. Kf1 Rb8 23. Rd7 Qf8 24. Rxf7
1-0

[Event "AGAG IIIIIIII"]
[Site "SchemingMind.com"]
[Date "2021.07.07"]
[Round "-"]
[White "maro"]
[Black "JAHI"]
[Result "0-1"]
[WhiteCountry "MEX"]
[BlackCountry "INT"]
[WhiteElo "1321"]
[WhiteRD "59"]
[BlackElo "2012"]
[BlackRD "73"]
[GameID "713088"]

1. b3 e6 2. Nc3 g6 3. Bb2 Bg7 4. e4 b6 5. d4 Bb7 6. Nf3 a6 7. Be2 a5 8. O-O Na6 9. Ba3 Ne7 10. e5 Kf8
11. Qd2 Kg8 12. Qg5 Nf5 13. Qg4 h6 14. Bd3 h5 15. Qe4 Bxe4 16. Bxe4 Rb8 17. h3 Nb4 18. Bxb4 axb4 19. Nb5 c6 20. Nd6 Nxd4
21. Nxd4 Bxe5 22. Nc4 Bxd4 23. Rad1 e5 24. Nd6 Qf6 25. Nc4 Kg7 26. Kh1 Rhc8 27. Nd2 d6 28. Nf3 Bc3 29. Rd3 d5
0-1

[Event "AGAG IIIIIIII"]
[Site "SchemingMind.com"]
[Date "2021.07.07"]
[Round "-"]
[White "JAHI"]
[Black "maro"]
[Result "1-0"]
[WhiteCountry "INT"]
[BlackCountry "MEX"]
[WhiteElo "2012"]
[WhiteRD "73"]
[BlackElo "1321"]
[BlackRD "59"]
[GameID "713089"]

1. b3 e5 2. e3 d5 3. Bb2 Nc6 4. Bb5 Bd7 5. Bxc6 Bxc6 6. Bxe5 Qg5 7. Nf3 Nf6 8. Nxg5 O-O-O 9. Nxf7 Be7 10. Nxh8 Rxh8
11. Nc3 Rf8 12. Qe2 Bd7 13. Kf1 Bg4 14. Qb5 a6 15. Qa5 Bd6 16. Bxd6 cxd6 17. Nxd5 Ne8 18. Nb6+ Kb8 19. Qg5 Be6 20. Qe7
1-0

[Event "AGAG IIIIIIII"]
[Site "SchemingMind.com"]
[Date "2021.07.07"]
[Round "-"]
[White "maro"]
[Black "Daniel Dubé"]
[Result "0-1"]
[WhiteCountry "MEX"]
[BlackCountry "CAN"]
[WhiteElo "1360"]
[WhiteRD "63"]
[BlackElo "1563"]
[BlackRD "56"]
[GameID "713090"]

1. b3 d6 2. e4 e5 3. d4 exd4 4. Qxd4 Nc6 5. Qe3 Nf6 6. Ba3 Be7 7. Nc3 Be6 8. O-O-O O-O 9. Bb5 a6 10. Bxc6 bxc6
11. Nf3 d5 12. Bxe7 Qxe7 13. exd5 cxd5 14. Nxd5 Nxd5 15. Rxd5 Qa3+ 16. Kb1 Bxd5 17. Rd1 Rfe8 18. Qc3 Bxf3 19. gxf3 a5 20. Rg1 g6
21. Rg4 a4 22. Qc4 Re1#
0-1

[Event "AGAG IIIIIIII"]
[Site "SchemingMind.com"]
[Date "2021.07.07"]
[Round "-"]
[White "Daniel Dubé"]
[Black "maro"]
[Result "1-0"]
[WhiteCountry "CAN"]
[BlackCountry "MEX"]
[WhiteElo "1547"]
[WhiteRD "57"]
[BlackElo "1321"]
[BlackRD "59"]
[GameID "713091"]

1. b3 Nf6 2. Bb2 d6 3. e3 e5 4. c4 Bg4 5. Be2 Qd7 6. Bxg4 Nxg4 7. Nf3 Be7 8. O-O O-O 9. d4 exd4 10. exd4 c6
11. Nc3 Bf6 12. Ne4 d5 13. Nxf6+ Nxf6 14. Ne5 Qc7 15. f4 Nbd7 16. c5 Nxe5 17. dxe5 Ne4 18. f5 Qa5 19. Qg4 Qxc5+ 20. Kh1 f6
21. Rac1 Nf2+ 22. Rxf2 Qxf2 23. Bd4 Qd2 24. Rd1 Qh6 25. exf6 g6 26. h4 Rae8 27. Rd3 Re1+ 28. Kh2 Rfe8 29. Rg3 Kf7 30. fxg6+ hxg6
31. Qd7+ Kf8 32. Qd6+ Kg8 33. f7+ Kxf7 34. Qf6+ Kg8 35. Rxg6+
1-0

[Event "AGAG IIIIIIII"]
[Site "SchemingMind.com"]
[Date "2021.07.07"]
[Round "-"]
[White "maro"]
[Black "Arnold Jones"]
[Result "0-1"]
[WhiteCountry "MEX"]
[BlackCountry "ENG"]
[WhiteElo "1360"]
[WhiteRD "63"]
[BlackElo "1556"]
[BlackRD "62"]
[GameID "713092"]

1. b3 Nf6 2. d3 c6 3. Bd2 e5 4. f4 e4 5. dxe4 Nxe4 6. Nc3 Qh4+ 7. g3 Nxg3 8. Be3 Nxh1+ 9. Kd2 Bb4 10. Nf3 Bxc3+
11. Kxc3 Qe7 12. Bd4 O-O 13. Bh3 b5 14. Qg1 b4+ 15. Kb2 g6 16. Qxh1 c5 17. Bf2 Bb7 18. Qg1 Bxf3 19. exf3 Qf6+ 20. Kc1 Qxa1+
21. Kd2 Qxg1 22. Bxg1 d6
0-1

[Event "AGAG IIIIIIII"]
[Site "SchemingMind.com"]
[Date "2021.07.07"]
[Round "-"]
[White "Arnold Jones"]
[Black "maro"]
[Result "0-1"]
[WhiteCountry "ENG"]
[BlackCountry "MEX"]
[WhiteElo "1556"]
[WhiteRD "62"]
[BlackElo "1360"]
[BlackRD "63"]
[GameID "713093"]

1. b3 e5 2. Bb2 Nc6 3. Nf3 e4 4. Nd4 Nxd4 5. Bxd4 Nf6 6. e3 d5 7. Be2 Bd6 8. Bxf6 Qxf6 9. d4 exd3 10. Bxd3 O-O
11. c3 Re8 12. Bc2 b6 13. O-O Qe5 14. f4 Qe7 15. Nd2 Qxe3+ 16. Kh1 Qxc3 17. Rf3 Qf6 18. f5 Bb7 19. Bd3 d4 20. Rf2 Re7
21. Nf3 Bxf3 22. Qxf3 Rae8 23. Rff1 Qh6 24. h3 Re3 25. Qg4 Rxd3 26. f6 g6 27. Qd7 Rde3 28. Qg4 Rg3 29. Qd7 Kf8 30. Rae1 Rge3
31. Rc1 Qg5 32. Kg1 Re2 33. Qg4 Qe3+ 34. Kh1 Qe5 35. Rf4 Re1+ 36. Rxe1 Qxe1+ 37. Kh2 Re4 38. g3 Re2+ 39. Qxe2 Qxe2+ 40. Kg1 Bxf4
41. gxf4 d3
0-1

[Event "AGAG IIIIIIII"]
[Site "SchemingMind.com"]
[Date "2021.07.07"]
[Round "-"]
[White "maro"]
[Black "Rooksac"]
[Result "0-1"]
[WhiteCountry "MEX"]
[BlackCountry "USA"]
[WhiteElo "1321"]
[WhiteRD "59"]
[BlackElo "2002"]
[BlackRD "118"]
[GameID "713094"]

1. b3 e5 2. e4 Nf6 3. d3 d5 4. exd5 Nxd5 5. Nf3 Bb4+ 6. Bd2 Bxd2+ 7. Nfxd2 Nc6 8. Ne4 O-O 9. g3 Nd4 10. Bg2 Bg4
11. Bf3 Bxf3 12. Qd2 Bxe4 13. dxe4 Nf3+ 14. Ke2 Nxd2 15. Nxd2 Nc3+ 16. Kf3 Qxd2 17. Kg2 Qxc2
0-1

[Event "AGAG IIIIIIII"]
[Site "SchemingMind.com"]
[Date "2021.07.07"]
[Round "-"]
[White "Rooksac"]
[Black "maro"]
[Result "1-0"]
[WhiteCountry "USA"]
[BlackCountry "MEX"]
[WhiteElo "2080"]
[WhiteRD "105"]
[BlackElo "1314"]
[BlackRD "62"]
[GameID "713095"]

1. b3 e5 2. Bb2 Nc6 3. e3 Nf6 4. Nf3 d6 5. Bb5 Bd7 6. O-O a6 7. Bxc6 Bxc6 8. c4 Ne4 9. d4 exd4 10. Nxd4 Qd7
11. f3 Ng5 12. Nxc6 Qxc6 13. Nc3 Qc5 14. f4 Ne6 15. f5 Qxe3+ 16. Kh1 Nd4 17. Nd5 Qg5 18. Qxd4 O-O-O 19. Qa7 Kd7 20. Qxb7 Rc8
21. Nb6+
1-0

[Event "AGAG IIIIIIII"]
[Site "SchemingMind.com"]
[Date "2021.07.07"]
[Round "-"]
[White "maro"]
[Black "LockettJ"]
[Result "0-1"]
[WhiteCountry "MEX"]
[BlackCountry "ENG"]
[WhiteElo "1314"]
[WhiteRD "62"]
[BlackElo "1974"]
[BlackRD "97"]
[GameID "713096"]

1. b3 e5 2. e4 Nf6 3. Bb2 Bc5 4. Bc4 O-O 5. d3 c6 6. Bxe5 d5 7. exd5 Bxf2+ 8. Kd2 Bxg1 9. Rxg1 cxd5 10. Bb5 Ng4
11. Bd4 a6 12. Ba4 b5 13. Nc3 Qg5+
0-1

[Event "AGAG IIIIIIII"]
[Site "SchemingMind.com"]
[Date "2021.07.07"]
[Round "-"]
[White "LockettJ"]
[Black "maro"]
[Result "1-0"]
[WhiteCountry "ENG"]
[BlackCountry "MEX"]
[WhiteElo "1997"]
[WhiteRD "93"]
[BlackElo "1285"]
[BlackRD "67"]
[GameID "713097"]

1. b3 e5 2. Bb2 Bc5 3. Bxe5 Qh4 4. d4 Bb4+ 5. c3 Bf8 6. Bxc7 Nf6 7. Nf3 Qe4 8. e3 Nc6 9. Bf4 Nd5 10. Bd3 Qe6
11. O-O Bd6 12. Ng5 Qf6 13. Ne4 Qe7 14. Bxd6 Qe6 15. c4 Ndb4 16. d5 Qg6 17. dxc6 Nxc6 18. Ba3 Kd8 19. Nbc3 d5 20. Nd6 Bh3
21. Bxg6
1-0

[Event "AGAG IIIIIIII"]
[Site "SchemingMind.com"]
[Date "2021.07.02"]
[Round "-"]
[White "flyinduck"]
[Black "JAHI"]
[Result "0-1"]
[WhiteCountry "CAN"]
[BlackCountry "INT"]
[WhiteElo "2019"]
[WhiteRD "72"]
[BlackElo "2012"]
[BlackRD "73"]
[GameID "713098"]

1. b3 e6 2. Bb2 d6 3. g3 d5 4. Bg2 b6 5. c4 Bb7 6. e3 Nd7 7. Ne2 h6 8. O-O h5 9. cxd5 exd5 10. d3 h4
11. e4 h3 12. Bh1 dxe4 13. Nf4 Bd6 14. Nh5 Be5 15. d4 Qg5 16. dxe5 Qxh5 17. Nd2 Qxd1 18. Rfxd1 Nc5 19. Ba3 Rh5 20. Bxc5 bxc5
21. Nxe4 Rxe5 22. Nf6+ Nxf6 23. Bxb7 Rb8 24. Bc6+ Kf8 25. Kf1 c4 26. Ba4 Ng4 27. Kg1 Re2 28. Bd7 Nxf2 29. Rf1 Ke7 30. Bf5 Nd3
31. Bxh3 Rh8 32. Bg2 c3 33. Rf3 Rd8 34. Bf1 Rd2 35. Re3+ Kf6 36. Bxd3 R8xd3 37. Rf1+ Kg5 38. Re5+ Kg6 39. Rc5 c2 40. Rxc7 Re3
0-1

[Event "AGAG IIIIIIII"]
[Site "SchemingMind.com"]
[Date "2021.07.03"]
[Round "-"]
[White "JAHI"]
[Black "flyinduck"]
[Result "1/2-1/2"]
[WhiteCountry "INT"]
[BlackCountry "CAN"]
[WhiteElo "1996"]
[WhiteRD "73"]
[BlackElo "2035"]
[BlackRD "72"]
[GameID "713099"]

1. b3 e5 2. e3 d6 3. Bb2 f5 4. a3 Nf6 5. a4 Be7 6. Na3 O-O 7. Be2 c5 8. h3 Nc6 9. h4 d5 10. Nh3 f4
11. exf4 Bxh3 12. Rxh3 exf4 13. Kf1 Qd7 14. Kg1 Rad8 15. Qf1 Kh8 16. Re1 a6 17. d3 Nd4 18. Bd1 Bd6 19. c3 Nf5 20. Nb1 b5
21. Nd2 Rde8 22. Rxe8 Rxe8 23. axb5 axb5 24. Nf3=
1/2-1/2

[Event "AGAG IIIIIIII"]
[Site "SchemingMind.com"]
[Date "2021.07.03"]
[Round "-"]
[White "flyinduck"]
[Black "Daniel Dubé"]
[Result "1-0"]
[WhiteCountry "CAN"]
[BlackCountry "CAN"]
[WhiteElo "2035"]
[WhiteRD "72"]
[BlackElo "1563"]
[BlackRD "56"]
[GameID "713100"]

1. b3 d6 2. Bb2 e5 3. e3 f5 4. g3 Nf6 5. Bg2 Nc6 6. Ne2 Be7 7. d3 O-O 8. Nd2 Be6 9. O-O d5 10. a3 Qe8
11. h3 Qh5 12. f4 e4 13. d4 Kh8 14. c4 Rg8 15. Nc3 Qxd1 16. Raxd1 g5 17. cxd5 Nxd5 18. Nxd5 Bxd5 19. Kh2 gxf4 20. gxf4 Bh4
21. Rc1 Rg3 22. Rfe1 Rag8 23. Re2 R8g7 24. Rc5 Rd7 25. Nc4 b6 26. Rxc6 Bxc6 27. d5+
1-0

[Event "AGAG IIIIIIII"]
[Site "SchemingMind.com"]
[Date "2021.07.03"]
[Round "-"]
[White "Daniel Dubé"]
[Black "flyinduck"]
[Result "0-1"]
[WhiteCountry "CAN"]
[BlackCountry "CAN"]
[WhiteElo "1563"]
[WhiteRD "56"]
[BlackElo "2035"]
[BlackRD "72"]
[GameID "713101"]

1. b3 e5 2. Bb2 d6 3. e3 f5 4. c4 Nf6 5. Nf3 Be7 6. Be2 O-O 7. O-O c6 8. d3 b6 9. Nbd2 Kh8 10. Qc2 Be6
11. d4 e4 12. Ne1 d5 13. cxd5 cxd5 14. Rc1 Qd7 15. Qc7 Rc8 16. Qxd7 Bxd7 17. Nc2 Nc6 18. Ba3 Bxa3 19. Nxa3 Nb4 20. Ra1 a6
21. f3 Kg8 22. fxe4 fxe4 23. h3 Rc7 24. g4 h6 25. Rfc1 Rac8 26. Rxc7 Rxc7 27. Kf2 g5 28. Ke1 Kg7 29. Kd1 h5 30. gxh5 Bxh3
31. Rc1 Rxc1+ 32. Kxc1 Bg4 33. Bxg4 Nxg4
0-1